| 000 | 00683nam a2200181Ia 4500 | ||
|---|---|---|---|
| 003 | GCL | ||
| 005 | 20240530095339.0 | ||
| 008 | 140319s9999 xx 000 0 ara d | ||
| 040 |
_aGCL / _cGCL |
||
| 082 | 0 | 4 |
_a346.082 _bع ق |
| 100 | 0 | _aعبدالفتاح مراد | |
| 245 | 1 | 0 |
_aقانون البنك المركزى والجهاز المصرفى : _bوالنقد الجديد ومذكرته الايضاحية والقوانين المكملة له / _cعبدالفتاح مراد |
| 300 |
_a236 ص ؛ _c17 سم |
||
| 650 | 0 | 4 | _aالبنوك المركزية |
| 650 | 0 | 4 | _aالبنوك - قوانين وتشريعات |
| 650 | 0 | 4 | _aالبنوك المصرية |
| 942 |
_2ddc _cBK |
||
| 999 |
_c6368 _d6368 |
||